Catalog

Record Details

Catalog Search



Rabín Feder / Zuzana Peterová

Summary:

Dokument zachycující osobnost i nesnadné životní osudy dlouholetého brněnského rabína Richarda Federa.

Record details

  • ISBN: 80-86103-78-1 (váz.) :
  • Physical Description: 166 s. : il., portréty, faksim. ; 21 cm
  • Edition: Vyd. 1.
  • Publisher: Praha : G plus G, 2004

Available copies

  • 3 of 3 copies available at Common Catalog SPOK.

Holds

  • 0 current holds with 3 total copies.
Show All Copies
Location Call Number / Copy Notes Barcode Shelving Location Status Due Date
Terezin Initiative Institute 4538 4594304538 Knihovna ITI Available -
The Jewish community of Prague J 1353 4638301363 J - Judaika Available -
The Jewish community of Prague K 3111 4638300195 K - Beletrie Available -

LDR 01636nam a2200493 a 4500
00127225
003CZ-PrJAB
00520221012121605.0
008050207s2004 xr ach gr 000 0acze
015 . ‡acnb001493113
020 . ‡a80-86103-78-1 (váz.) : ‡cKč 175,00
035 . ‡a(CONS)2043
035 . ‡a(CZ PrSKC)cpk20051493113
035 . ‡a(OCoLC)60388642
040 . ‡aABA001 ‡bcze
080 . ‡a26-725 ‡2MRF
080 . ‡a929 ‡2MRF
080 . ‡a94(=411.16) ‡2MRF
080 . ‡a(437.3) ‡2MRF
080 . ‡a(0:82-994) ‡2MRF
080 . ‡a(044) ‡2MRF
080 . ‡a(0:82-32) ‡2MRF
1001 . ‡aPeterová, Zuzana, ‡d1950- ‡7jn20010309627 ‡4aut
24510. ‡aRabín Feder / ‡cZuzana Peterová
250 . ‡aVyd. 1.
260 . ‡aPraha : ‡bG plus G, ‡c2004
300 . ‡a166 s. : ‡bil., portréty, faksim. ; ‡c21 cm
5209 . ‡aDokument zachycující osobnost i nesnadné životní osudy dlouholetého brněnského rabína Richarda Federa.
8524 . ‡bJACH-ITI ‡bJACH-ITI ‡cKnihovna ITI ‡j4538 ‡p4538 ‡y$0.00
910 . ‡aABE340 ‡b4538
910 . ‡aABE461
995 . ‡aska
901 . ‡a27225 ‡bUnknown ‡c27225 ‡tbiblio

Additional Resources